| 000 | 00455nam a22001937a 4500 | ||
|---|---|---|---|
| 003 | MPLRDC | ||
| 005 | 20220104145930.0 | ||
| 008 | 210129b ||||| |||| 00| 0 eng d | ||
| 020 | _a957-99348-8-6 | ||
| 082 | _a498.96 GOH | ||
| 100 | _aDAVID GOH | ||
| 245 |
_a传销致富的52种方法 _c |
||
| 250 | _a第一版 | ||
| 260 |
_a _b成智 _c1996 |
||
| 300 | _b平 | ||
| 490 | _a成功行销系列. 4 | ||
| 650 | _a传销 | ||
| 942 |
_cBK _o498.96 GOH |
||
| 999 |
_c51600 _d51590 |
||